000 01350nam a22003737a 4500
003 CHAP
005 20220329133354.0
008 971013s1991 r 00010 d
010 _a5599
011 _a6571
035 _a5791
040 _cCHAP
090 _aTesis
100 0 0 _aVerdugo Gastélum, Abelardo.
_9118863
245 _aUso de la programación lineal para la determinación de soluciones óptimas en los modelos de transporte y asignación, en la producción de cacao
_b: un estudio de caso
260 _aChapingo, Méx. :
_bEl Autor,
_c1991
300 _a111 h
500 _a58-138
502 _aTesis (Ing. Agr. Esp. en Economía Agrícola) -- UACH. Departamento de Economía Agrícola
590 _aALEPH
_b10
_c20130110
_lUCH01
_h1216
590 _aBATCH-UPD
_b10
_c20130110
_lUCH01
_h0021
590 _aBATCH-UPD
_b10
_c20130110
_lUCH01
_h1724
590 _aBATCH-UPD
_b10
_c20130409
_lUCH01
_h2000
590 _aBATCH-UPD
_b10
_c20130410
_lUCH01
_h1106
590 _aBATCH-UPD
_b10
_c20130914
_lUCH01
_h0404
590 _aCONVERSION
_b10
_c20130109
_lUCH01
_h1304
650 1 4 _aArroz
_xCostos de producción.
_97586
650 1 4 _aCacao
_xAspectos económicos.
_916922
650 1 4 _aCacao
_xMéxico.
_916961
650 1 4 _aProgramación lineal.
_992371
901 _aBK
942 _cTESIS
949 _bBC
_cTES
_d-15386
_eTS1
_h23869
_i5791
_si
999 _c5599
_d5599